The scientist (Record no. 3502)

MARC details
000 -LEADER
fixed length control field 00532nam a2200193Ia 4500
003 - CONTROL NUMBER IDENTIFIER
control field IN-BaIIA
008 - FIXED-LENGTH DATA ELEMENTS--GENERAL INFORMATION
fixed length control field 211028s9999 xx 000 0 eng d
040 ## - CATALOGING SOURCE
Transcribing agency IIA Library
080 ## - UNIVERSAL DECIMAL CLASSIFICATION NUMBER
Universal Decimal Classification number 50
Item number MAR
100 ## - MAIN ENTRY--PERSONAL NAME
Personal name Margenau, H.
9 (RLIN) 3235
245 #4 - TITLE STATEMENT
Title The scientist
Statement of responsibility, etc. H. Margenau and D. Bergamini
260 ## - PUBLICATION, DISTRIBUTION, ETC.
Place of publication, distribution, etc. New York
Name of publisher, distributor, etc. Wiley
Date of publication, distribution, etc. 1962
300 ## - PHYSICAL DESCRIPTION
Extent 200p.
650 ## - SUBJECT ADDED ENTRY--TOPICAL TERM
Topical term or geographic name entry element NASA Thesaurus
650 ## - SUBJECT ADDED ENTRY--TOPICAL TERM
Topical term or geographic name entry element Science
9 (RLIN) 1299
650 ## - SUBJECT ADDED ENTRY--TOPICAL TERM
Topical term or geographic name entry element Scientist
9 (RLIN) 6200
700 ## - ADDED ENTRY--PERSONAL NAME
Personal name Bergamini, D.
9 (RLIN) 6201
942 ## - ADDED ENTRY ELEMENTS (KOHA)
Koha item type Books
Holdings
Withdrawn status Lost status Source of classification or shelving scheme Damaged status Not for loan Home library Current library Shelving location Date acquired Cost, normal purchase price Total Checkouts Full call number Barcode Date last seen Cost, replacement price Price effective from Koha item type Purchase Price
    Dewey Decimal Classification     IIA Library-Bangalore IIA Library-Bangalore General Stacks 23/05/1970 35.62   50/ MAR 3900 05/11/2021 35.62 23/05/1970 Books Rs. 35.62

Powered by Koha